El ermitaño de la casa 69

Salvato in:
Dettagli Bibliografici
Autore principale: Kosinski, Jerzy (Autore)
Natura: Libro
Lingua:spagnolo
Pubblicazione: Madrid Unidad 1998
Serie:Las Novelas del Verano,73
Soggetti:
Tags: Aggiungi Tag
Nessun Tag, puoi essere il primo ad aggiungerne!!

MARC

LEADER 00000nam a2200000 a 4500
001 UCH6229
003 CL-VaPUC
008 091109e19980000SP |||||||||||||||||spa|d
082 0 4 |a 891.85  |b KOS  |2 21 
100 |a Kosinski, Jerzy  |e author  |9 523277 
245 1 3 |a El ermitaño de la casa 69 
300 |a 93 p 
942 |c BK 
945 |d 20091109 00:00:00  |a lazolas 
260 |a Madrid  |b Unidad  |c 1998 
650 7 |a NOVELAS POLACAS  |2 CL-VaPUC  |9 348865 
583 |a last modification  |c 20130327 12:42:28  |k Rodrigo Vera 
490 0 |a Las Novelas del Verano,73 
999 |c 337163  |d 337161